| 000 | 00817nam a2200289Ia 4500 | ||
|---|---|---|---|
| 003 | OSt | ||
| 005 | 20220912151853.0 | ||
| 006 | a|||||r|||| 00| 0 | ||
| 007 | ta | ||
| 008 | 220909b |||||||| |||| 00| 0 eng d | ||
| 024 | _a14511 | ||
| 037 | _cTextual | ||
| 040 |
_aCSL _beng _cCSL |
||
| 041 | _aeng | ||
| 082 | _aD65:485, J5;5 | ||
| 100 | _aTerman Frederick Emmons | ||
| 245 | 0 | _aElectronic and radio engineering | |
| 250 | _a4th | ||
| 260 |
_aNew York _b McGraw-Hill Book Company _c1955 |
||
| 300 |
_a1076p. _ccm. |
||
| 490 | _aMcGraw Hill electrical and electronic engineering series | ||
| 500 |
_aIndex 1057-1076p. _ccm. |
||
| 650 | _a Radio engineering | ||
| 650 | _aElectronics | ||
| 942 |
_hD65:485, J5;5 _cTEXL _2CC |
||
| 999 |
_c76523 _d76523 |
||